00306cam a22001097a 4500008004000000082001600040100001700056245006300073260002600136300001000162650002400172180718b1974 xxu||||| |||| 00| 0 eng d aK18x54 P886 aPrasad, G.K. aBureaucracy in India: a sociological studycby G.K. Prasad aDelhibSterlingc1974 a152p. aBureaucracy - India